Origen de turistas en españa - Estadísticas

Estadísticas generales
  • Esta prueba ha sido intentada 107 veces
  • La puntuación promedio es 16 de 21
Estadísticas de respuestas
Nº De turistas en España (2023) País de Origen % Correcto
10.989.659 Alemania
100%
11.768.264 Francia
100%
4.849.748 Italia
100%
3.835.884 Estados Unidos
99%
388.515 China
94%
17.262.287 Reino Unido
94%
310.532 Japón
92%
984.259 México
92%
2.802.774 Portugal
91%
572.276 Argentina
85%
565.823 Brasil
80%
2.002.197 Suiza
75%
653.628 Canadá
74%
4.320.630 Países Bajos
71%
2.476.105 Irlanda
68%
2.758.684 Bélgica
67%
300.372 Chile
59%
434.583 Corea del Sur
58%
249.883 India
47%
340.906 Turquía
47%
396.941 Israel
13%
No se encontraron pruebas coincidentes
Distribución de puntuación
Porcentaje de gente con cada puntuación
Porcentaje por número respondido
Historial de tus puntuaciones
No has intentado esta prueba.